Online
Catalog

Edipo rey ; Antígona ; Electra / (Record no. 18869)

MARC details
000 -CABECERA
campo de control de longitud fija 00773nam a2200229 a 4500
001 - NÚMERO DE CONTROL
campo de control 000019352
005 - FECHA Y HORA DE LA ÚLTIMA TRANSACCIÓN
campo de control 20200929170006.0
008 - DATOS DE LONGITUD FIJA--INFORMACIÓN GENERAL
campo de control de longitud fija 100625s1985 cl 000 d spa d
040 ## - FUENTE DE LA CATALOGACIÓN
Centro catalogador/agencia de origen DO-SdBNP
Lengua de catalogación spa
Centro/agencia transcriptor BNPHU
082 ## - NÚMERO DE LA CLASIFICACIÓN DECIMAL DEWEY
Número de clasificación 882.01
Número de documento/Ítem S681e
049 ## - FONDOS LOCALES (OCLC)
Fondos de biblioteca BNGR
100 1# - ENTRADA PRINCIPAL--NOMBRE DE PERSONA
Nombre de persona Sófocles,
Fechas asociadas al nombre 496 ac-406 ac
9 (RLIN) 41586
245 10 - MENCIÓN DE TÍTULO
Título Edipo rey ; Antígona ; Electra /
Mención de responsabilidad, etc. Sófocles ; traducción de Francisco Rodríguez Adrados.
246 11 - FORMA VARIANTE DE TÍTULO
Título propio/Titulo breve Antígona.
246 11 - FORMA VARIANTE DE TÍTULO
Título propio/Titulo breve Electra.
260 ## - PUBLICACIÓN, DISTRIBUCIÓN, ETC.
Lugar de publicación, distribución, etc. Chile :
Nombre del editor, distribuidor, etc. Ercilla ;
-- R.B.A. Proyectos Editoriales,
Fecha de publicación, distribución, etc. 1985.
300 ## - DESCRIPCIÓN FÍSICA
Extensión 142 p. ;
Dimensiones 18 cm.
650 #4 - PUNTO DE ACCESO ADICIONAL DE MATERIA--TÉRMINO DE MATERIA
Término de materia o nombre geográfico como elemento de entrada Teatro griego
9 (RLIN) 25558
650 #4 - PUNTO DE ACCESO ADICIONAL DE MATERIA--TÉRMINO DE MATERIA
Término de materia o nombre geográfico como elemento de entrada Literatura griega
9 (RLIN) 2386
700 1# - PUNTO DE ACCESO ADICIONAL--NOMBRE DE PERSONA
Nombre de persona Rodríguez Adrados, Francisco,
Término indicativo de función/relación tr.
9 (RLIN) 18641
830 #4 - PUNTO DE ACCESO ADICIONAL DE SERIE-TÍTULO UNIFORME
Título uniforme Los mejores libros de la Literatura Universal ;
Designación de volumen o secuencia 26
9 (RLIN) 10647
Holdings
Estado de retiro Estado de pérdida Restricciones de uso No para préstamo Código de colección Localización permanente Ubicación/localización actual Ubicación en estantería Fecha de adquisición Número de inventario Total de préstamos Signatura topográfica completa Código de barras Fecha visto por última vez Precio válido a partir de Tipo de ítem Koha
        Monografías: Libros y Folletos General General En catalogación 25.06.2010 LF1   882.01 S681e 19352-10 25.06.2020 25.06.2020 Préstamo en sala

Powered by Koha